Statistiques concernant Citation Harry Potter (QCM)

Cliquez ici pour prendre le quiz!

Statistiques générales

  • Ce quiz a été pris 421 fois
    (356 depuis la dernière actualisation)
  • Le résultat moyen est 5 sur 8

Statistiques - réponses

QuestionRéponse% Correct
Maintenant, je vais me coucher ! Avant que l’un de vous ait une brillante idée pour nous faire tuer... ou pire, nous faire _____ !"renvoyer
98%
"Quand nous _____, nous entrons dans un monde qui n’appartient qu’à nous".rêvons
81%
"N'aie pas pitié des morts Harry. Aie plutôt pitié des vivants et surtout de ceux qui vivent _____."sans amour
80%
"La peur _____ ne fait qu'accroître la peur de la chose elle-même."d'un nom
79%
"On peut trouver le bonheur même dans les moments les plus sombres... Il suffit de se souvenir _____."d'allumer la lumière
75%
"Ça ne fait pas grand bien de s'installer dans _____ en oubliant de vivre."les rêves
53%
"J'ai lu dans ton coeur, et ton coeur est _____."mien
28%
"Ce qui compte, ce n’est pas _____, mais ce que l’on devient."la naissance
14%

Distribution des résultats

Percentile par nombre de réponses

% des personnes avec chaque résultat

Votre développement - résultats

Vous n’avez pas pris ce quiz depuis la dernière actualisation